000 00562nam a22001937a 4500
003 KOHA_MİRAKIL
005 20251022140229.0
008 251022b tu ||||| |||| 00| 0 tur d
020 _a9786057717184
040 _aTR-AnABB
_btur
_cTR-AnABB
041 _atur
082 _a843.914
_bNOT 2019
100 1 _aNothomb, Amélie,
245 1 0 _aAcıyla çarp kalbim /
_cAmélie Nothomb
260 _aİstanbul :
_bTurkuvaz Haberleşme Ve Yayıncılık /
_c2019
300 _a125 sayfa ;
_c21 cm
650 0 4 _aFransız edebiyatı, roman
942 _2ddc
_cBK
999 _c9185
_d9185
900 _bGizem YORULMAZ